000 00632nam a2200193Ia 4500
003 GCL
008 140319s9999 xx 000 0 ara d
040 _aGCL /
_cGCL
082 0 4 _a412
_bح ا
100 1 _aحامد محمد امين شعبان
245 1 0 _aاسرار النظام اللغوى عند مصطفى صادق الرافعى /
_cحامد محمد امين شعبان
260 _a[S.N] :
_bعالم الكتب الحديث ،
_c1979
490 _a
650 0 4 _aالالفاظ
650 0 4 _aالاشتقاق
650 0 4 _aاللغة العربية
650 0 4 _aالبلاغة العربية
942 _2ddc
_cBK
999 _c32501
_d32501